000 00445nam a2200157 i 4500
001 bg
245 0 _aKatalog Nakładów Rzeczowych nr 2-16 /
_cMinisterstwo Budownictwa, Gospodarki Przestrzennej i Komunalnej.
250 _aWyd.3.
254 _aKNR2-16
260 _aWarszawa :
_bWydawnictwa Akcydensowe,
_c1987.
650 9 _aizolacje termiczne
040 _cBPK
041 _apl
942 _cKA
008 s pl f |000 0 pol
999 _c24120
_d24120
856 _uhttp://koha.tu.koszalin.pl/cgi-bin/koha/opac-detail.pl?biblionumber=24120
_yKatalog online BPK